|
|
|
|
| LEADER |
01397njm a2200361 a 4500 |
| 001 |
000231291 |
| 003 |
CZ BrMZK |
| 005 |
19950101143423.0 |
| 008 |
950101s1997 xr f eng d |
| 028 |
0 |
1 |
|a 3253-2 131
|b Supraphon
|
| 040 |
|
|
|a BOA001
|b cze
|
| 080 |
|
|
|a 786.2.083(086.7)
|2 MRF
|
| 100 |
1 |
|
|a Fibich, Zdeněk,
|d 1850-1900
|7 jk01031059
|4 cmp
|
| 245 |
1 |
0 |
|a Moods, impressions and reminiscences.
|n (Vol. 10) Impression, part 4, Reminiscences, part 1
|h [zvukový záznam] /
|c Zdeněk Fibich.
|
| 246 |
3 |
2 |
|a Dojmy, op. 47, část 4
|
| 246 |
3 |
3 |
|a Impressions, Op. 47, part 4
|
| 246 |
3 |
3 |
|a Reminiscences, OP. 47, part 1
|
| 246 |
3 |
3 |
|a Upomínky, op. 47, část 1
|
| 246 |
3 |
|
|a Nálady, dojmy a upomínky, op. 47
|
| 260 |
|
|
|a Praha :
|b Supraphon,
|c p1997
|
| 300 |
|
|
|a 1 CD :
|b DDD ;
|c 12 cm +
|e 1 brožura (14 s.).
|
| 306 |
|
|
|a 005814
|
| 500 |
|
|
|a Text v brožuře též angl., něm. a franc.
|
| 500 |
|
|
|a Nahr. 1997
|
| 500 |
|
|
|a Durata 58:14
|
| 505 |
0 |
|
|a Dojmy, Op. 47, 4. část (314-330), Upomínky, Op. 47, 1. část (331-339).
|
| 511 |
0 |
|
|a Marián Lapšanský, klavír
|
| 653 |
0 |
|
|a klavír
|a klavírní cykly
|a romantická hudba
|
| 700 |
1 |
|
|a Lapšanský, Marián,
|d 1947-
|7 jn19990209470
|4 prf
|
| 910 |
|
|
|a BOA001
|b CD-0004.399,10
|
| 964 |
|
|
|a Klavír
|x CD
|
| 990 |
|
|
|a AV
|
| 996 |
6 |
|
|b 261H005040
|c CD-0004.399,10
|l MZK
|r Sklad / do 24 hodin
|n 1
|p p.v.
|w 000231291
|u 000010
|a 1
|e BOA001
|j MZK50
|s P
|